000 00464nam a22001817a 4500
003 CEME
005 20210628202214.0
008 210226b xxu||||| |||| 00| 0 eng d
020 _a0-13-149493-7
040 _c.
082 _a005.133 STA
100 _aStansifer, Ryan
_958750
245 _aThe study of programming languages
260 _aNEW JERSEY
_bPRENTICE HALL
_c1995
300 _aXIV,330P
650 _aPROGRAMMING LANGUAGES
_958751
942 _cBK
_2ddc
999 _c568870
_d568870